000 00211nam a22000977a 4500
999 _c522493
_d522493
082 _aTNC
100 _aSwamy, B.G.L.
_937679
245 _aDiary Of a Botanist
260 _aMysore
_bKavyalaya
_c2001
300 _a68p.